000 00495nam a2200193Ia 4500
005 20240823013903.0
008 240823s9999||||xx |||||||||||||| ||und||
020 _a981-240-232-2
041 _aENGLISH
082 _A621.395 P1
100 _a"Fiore,James M"
245 0 _aOperational Amplifiers and Linear Integrated Circuits : Theory and Application
250 _a1st
260 _c2001
_b"Delmar,A"
500 _aYES
650 _aOp-Amp
_bElectronics
942 _cBK
999 _c168513
_d168513